000 00273 a2200133 4500
001 154564
040 _cEscola São Tomás de Aquino
240 1 0 _aEntre amigos
_lpor
245 1 0 _aEntre amigos
300 _a119
440 1 _aModerna
697 _aRELIGIÃO
942 _cBK
999 _c154564
_d154564